Statistiques concernant Terminus des lignes de métro des capitales de l'Union Européenne

Cliquez ici pour prendre le quiz!

Statistiques générales

  • Ce quiz a été pris 12 fois
  • Le résultat moyen est 40 sur 189

Statistiques - réponses

CapitaleLigneRéponse% Correct
M11Châtelet - Avenue Victoria
88%
ParisM1La Défense
88%
Mairie des Lilas
88%
Bagneux - Lucie Aubrac
75%
M5Bobigny - Pablo Picasso
75%
M10Boulogne - Pont de Saint-Cloud
75%
Gallieni
75%
Gambetta
75%
M7La Courneuve - 8 Mai 1945
75%
M12Mairie d'Aubervilliers
75%
Mairie de Montreuil
75%
M14Mairie de Saint-Ouen
75%
Mairie d'Issy
75%
(branche jaune)Mairie d'Ivry
75%
Nation
75%
Olympiades
75%
Place d'Italie
75%
M3Pont de Levallois
75%
M9Pont de Sèvres
75%
M4Porte de Clignancourt
75%
M3bisPorte des Lilas
75%
(branche bleue)Villejuif - Louis Aragon
75%
(branche jaune)Asnières - Gennevillers - Les Courtilles
63%
M8Balard
63%
M6Charles de Gaulle - Étoile
63%
Château de Vincennes
63%
M13Châtillon-Montrouge
63%
Créteil - Pointe du Lac
63%
Gare d'Austerlitz
63%
M7bisLouis Blanc
63%
M2Porte Dauphine
63%
Pré Saint-Gervais
63%
Saint-Denis - Université
63%
Élisabeth
50%
Ligne 5Érasme/Erasmus
50%
BruxellesLigne 1Gare de l'Ouest/Weststation
50%
Herrmann-Debroux
50%
Ligne 2Simonis
50%
Madrid1Pinar de Chamartín
38%
6 | 12 | M3Ring
38%
Ligne 6Roi Baudoin/Koning Boudewijn
38%
Stockel/Stokkel
38%
Linha do Oriente
(Ligne de l'Orient)
Aeroporto
25%
8Nuevos Ministerios
25%
Ópera
25%
Αεροδρόμιο/Aerodromio/Aéroport d'Athènes/Athens Airport
13%
Aeropuerto T4
13%
Alameda de Osuna
13%
Alt-Mariendorf
13%
U6Alt-Tegel
13%
4Argüelles
13%
M2Bemowo
13%
Bródno
13%
5Casa de Campo
13%
Centraal Station
13%
M2Déli pályaudvar/Gare du Sud
13%
M5Eroilor
13%
Gara de Nord
13%
Gein
13%
U5Hauptbahnhof
13%
Hermannstraße
13%
Hönow
13%
Innsbrucker Platz
13%
Amsterdam50 | 51Isolatorweg
13%
Kabaty
13%
U2Karlsplatz
13%
M4Kelenföld vasútállomás/Gare de Kelenföld
13%
Keleti pályaudvar/Gare de l'Est
13%
København H/Københavns Hovedbanegård/Gare Centrale de Copenhague/Copenhagen Central Station
13%
Københavns Lufthavn/Copenhagen Airport/Aéroport de Copenhague
13%
U3Krumme Lanke
13%
La Fortuna
13%
BLaurentina
13%
BudapestM1Mexikói út/Avenue du Mexique
13%
VarsovieM1Młociny
13%
3Moncloa
13%
U4Nollendorfplatz
13%
52Noord
13%
Oberlaa
13%
U9Osloer Straße
13%
Pankow
13%
7Pitis
13%
11Plaza Eliptica
13%
Puerta del Sur
13%
U7Rathaus Spandau
13%
Rathaus Steglitz
13%
(2nde branche)Râul Doamnei
13%
Летиrще София/Letišče Sofiya/Letišče Sofia/Sofia Airport/Aéroport de Sofia
13%
Rudow
13%
U2Ruhleben
13%
CSan Giovanni
13%
Santa Apolónia
13%
SofiaM1 | M4Сливница/Slivnitsa
13%
BerlinU1Uhlandstraße
13%
Újpest-Központ/Újpest-Centre
13%
(1ère branche)Valea Ialomiței
13%
CopenhagueM1 | M2Vanløse
13%
Warschauer Straße
13%
U8Wittenau
13%
Zuid
13%
T11Akalla
0%
T17Åkeshov
0%
T18Alvik
0%
Anagnina
0%
Anghel Saligny
0%
Γραμμη 2Ανθούπολη/Anthoupoli
0%
Arganda del Rey
0%
RomeABattistini
0%
Berceni
0%
Бизнес Парк/Biznes Park/Business Park
0%
Cais do Sodré
0%
Černý Most
0%
2Cuatro Caminos
0%
Depo Hostivař
0%
Γραμμη 3Δημοτικµό Θέατρο/Dimotiko Theatro/Théâtre municipal
0%
BucarestM1Dristor
0%
Ελληνικό/Elliniko
0%
Farsta Strand
0%
U6Floridsdorf
0%
Fruängen
0%
Gaasperplas
0%
Горна баня/Gorna banya
0%
M3Хаджи Димитър/Hadji Dimitǎr/Hadzhi Dimitar
0%
T19Hagsätra
0%
Háje
0%
Heiligenstadt
0%
StockholmT10Hjusta
0%
Hospital del Henares
0%
10Hospital Infanta Sofía
0%
U4Hütteldorf
0%
(branche B1)Jonio
0%
AthènesΓραμμη 1Κηφισιά/Kifisia/Kiphissia/Kifissia/Kiphisia
0%
M3Kőbánya-Kispest
0%
Kungsträdgården
0%
M4Lac Strǎulești
0%
Las Rosas
0%
VienneU1Leopoldau
0%
CLetňany
0%
HelsinkiM1Matinkylä/Mattby
0%
Mellunmäki/Mellungsbacka
0%
Montecompatri Pantano
0%
T14Mörby Centrum
0%
PragueANemocnice Motol
0%
Norsborg
0%
M2Обеля/Obelya
0%
Linha do Girassol
(Ligne du Tournesol)
(jaune)
Odivelas
0%
M4Orientkaj
0%
Örs vezér tere/Place du chef Örs
0%
U3Ottakring
0%
9Paco de Lucia
0%
Pantelimon
0%
Πειραιας/Peiraias/Le Pirée/Port du Pirée/Piraeus/Piraeus Port
0%
M2Pipera
0%
M3Preciziei
0%
RPríncipe Pío
0%
(branche B)Rabibbia
0%
Rato
0%
LisbonneLinha da Gaivota
(Ligne de la Mouette)
(bleue)
Reboleira
0%
T13Ropsten
0%
São Sebastião
0%
Seestadt
0%
Siebenhirten
0%
Simmering
0%
Skarpnäck
0%
M2Tapiola/Hagalund
0%
Linha da Caravela
(Ligne de la Caravelle)
Telheiras
0%
Valdecarros
0%
Vestamager
0%
Villaverde Alto
0%
Витоша/Vitosha
0%
Vörösmarty tér/Place Vörösmarty
0%
Vuosaari/Nordjö
0%
BZličín
0%

Distribution des résultats

Percentile par nombre de réponses

% des personnes avec chaque résultat

Votre développement - résultats

Vous n’avez pas pris ce quiz